000 00264nam a22001217a 4500
008 180924b xxu||||| |||| 00| 0 eng d
041 _aeng
080 _a610
100 _a6
101 _aANE
245 _aMonitoring In Anesthesia
_cSmith.S
942 _2udc
_cBK
999 _c48315
_d48315